| 000 | 00658nam a2200205Ia 4500 | ||
|---|---|---|---|
| 005 | 20251020182530.0 | ||
| 008 | 200515s9999 xx 000 0 und d | ||
| 082 | _a697.81/G82 | ||
| 100 | _aGRIMM, Nils R.ROSALER, Robert | ||
| 245 | 0 | _aManual de diseño de calefacción, ventilación y aire acondicionado | |
| 260 | _aMadrid | ||
| 260 | _c1996 | ||
| 500 | _a1 ejemplar | ||
| 520 | _aProporciona una guía práctica y de referencia fiable para el diseño y operación de sistemas de calefacción, ventilación y aire acondicionado | ||
| 650 | _aAIRE ACONDICIONADO | ||
| 650 | _aCALEFACCION | ||
| 650 | _aLIB | ||
| 650 | _aVENTILACION | ||
| 942 | _cLIB | ||
| 999 |
_c2041 _d2041 |
||